<?xml version="1.0" encoding="UTF-8"?>
<record
    xmlns:xsi="http://www.w3.org/2001/XMLSchema-instance"
    xsi:schemaLocation="http://www.loc.gov/MARC21/slim http://www.loc.gov/standards/marcxml/schema/MARC21slim.xsd"
    xmlns="http://www.loc.gov/MARC21/slim">

  <leader>01067nam a2200229Ia 4500</leader>
  <controlfield tag="008">200825s9999||||xx |||||||||||||| ||und||</controlfield>
  <datafield tag="020" ind1=" " ind2=" ">
    <subfield code="a">9572804413</subfield>
  </datafield>
  <datafield tag="020" ind1=" " ind2=" ">
    <subfield code="a">9789572804414</subfield>
  </datafield>
  <datafield tag="041" ind1=" " ind2=" ">
    <subfield code="a">chi</subfield>
    <subfield code="h">eng</subfield>
  </datafield>
  <datafield tag="050" ind1=" " ind2=" ">
    <subfield code="a">BX8764.Z8</subfield>
    <subfield code="b">.S47412 2003</subfield>
  </datafield>
  <datafield tag="100" ind1=" " ind2=" ">
    <subfield code="a">Demos, Shakarian</subfield>
  </datafield>
  <datafield tag="245" ind1=" " ind2="0">
    <subfield code="a">&#x4E16;&#x754C;&#x4E0A;&#x6700;&#x5FEB;&#x6A02;&#x7684;&#x4EBA;: </subfield>
    <subfield code="b">&#x5168;&#x798F;&#x6703;&#x5275;&#x59CB;&#x4EBA;&#x7684; = The happiest people on earth: the long-awaited personal story of Demos Shakarian /</subfield>
    <subfield code="c">&#x4EE3;&#x6469;&#x58EB; (Demos Shakarian) &#x8457;;  &#x6E38;&#x5F69;&#x4F36;&#x8B6F;</subfield>
  </datafield>
  <datafield tag="246" ind1=" " ind2=" ">
    <subfield code="a">&#x4E16;&#x754C;&#x4E0A;&#x6700;&#x5FEB;&#x4E50;&#x7684;&#x4EBA; :</subfield>
    <subfield code="b">&#x5168;&#x798F;&#x4F1A;&#x521B;&#x59CB;&#x4EBA;&#x7684; = The happiest people on earth : the long-awaited personal story of Demos Shakarian/</subfield>
  </datafield>
  <datafield tag="260" ind1=" " ind2=" ">
    <subfield code="a">&#x81FA;&#x5317;&#x5E02; : &#x5168;&#x798F;&#x6587;&#x5316;,&#xA0;</subfield>
    <subfield code="b">&#x5168;&#x798F;&#x6587;&#x5316;,&#xA0;</subfield>
    <subfield code="c">2006</subfield>
  </datafield>
  <datafield tag="300" ind1=" " ind2=" ">
    <subfield code="a">3, 238 p.</subfield>
    <subfield code="b">;</subfield>
    <subfield code="c">21 cm.</subfield>
  </datafield>
  <datafield tag="500" ind1=" " ind2=" ">
    <subfield code="a">Translation of: The happiest people on earth : the long-awaited personal story of Demos Shakarian / as told to John and Elizabeth Sherrill.</subfield>
  </datafield>
  <datafield tag="650" ind1=" " ind2=" ">
    <subfield code="a">Full Gospel Business Men's Fellowship International.</subfield>
  </datafield>
  <datafield tag="650" ind1=" " ind2=" ">
    <subfield code="a">Shakarian, Demos, 1913-1993 Biography.</subfield>
  </datafield>
  <datafield tag="700" ind1=" " ind2=" ">
    <subfield code="a">&#x4EE3;&#x6469;&#x58EB;</subfield>
  </datafield>
  <datafield tag="700" ind1=" " ind2=" ">
    <subfield code="a">&#x6E38;&#x5F69;&#x4F36;</subfield>
  </datafield>
  <datafield tag="952" ind1=" " ind2=" ">
    <subfield code="0">0</subfield>
    <subfield code="1">0</subfield>
    <subfield code="4">0</subfield>
    <subfield code="7">0</subfield>
    <subfield code="a">GETS</subfield>
    <subfield code="b">GETS</subfield>
    <subfield code="c">GEN</subfield>
    <subfield code="d">2020-08-19</subfield>
    <subfield code="l">0</subfield>
    <subfield code="o">BX8764.Z8 .S47412 2003</subfield>
    <subfield code="p">00003161</subfield>
    <subfield code="r">2020-08-19 00:00:00</subfield>
    <subfield code="w">2020-08-19</subfield>
    <subfield code="y">CB</subfield>
  </datafield>
  <datafield tag="952" ind1=" " ind2=" ">
    <subfield code="0">0</subfield>
    <subfield code="1">0</subfield>
    <subfield code="4">0</subfield>
    <subfield code="7">0</subfield>
    <subfield code="a">GETS</subfield>
    <subfield code="b">GETS</subfield>
    <subfield code="c">GEN</subfield>
    <subfield code="d">2020-08-25</subfield>
    <subfield code="l">0</subfield>
    <subfield code="o">BX8764.Z8 .S47412 2003</subfield>
    <subfield code="p">00006198</subfield>
    <subfield code="r">2020-08-25 00:00:00</subfield>
    <subfield code="t">c. 2</subfield>
    <subfield code="w">2020-08-25</subfield>
    <subfield code="y">CB</subfield>
  </datafield>
  <datafield tag="999" ind1=" " ind2=" ">
    <subfield code="c">13243</subfield>
    <subfield code="d">13243</subfield>
  </datafield>
</record>
